000 00493nam a22001817a 4500
003 OSt
005 20240522112426.0
008 240522b |||||||| |||| 00| 0 eng d
020 _a9781032367200
040 _cN
082 _a729 G562 2023
100 _aGloag, John
245 _aGuide to western architecture /
_cJohn Gloag
260 _bRoutledge, Abingdon, Oxon, 2023
300 _a407 p. : il. ; 25 cm
650 _zArchitecture history of Europe LHoses & Home
942 _2ddc
_cBK-EN
_n0
999 _c6808
_d6808